| 000 | 00371nam a22001697a 4500 | ||
|---|---|---|---|
| 003 | OSt | ||
| 005 | 20211229110658.0 | ||
| 008 | 211229b |||||||| |||| 00| 0 eng d | ||
| 020 | _a1588800970 | ||
| 040 | _cHU | ||
| 082 | _a005.133 | ||
| 100 |
_aHolzner Steven _926009 |
||
| 245 | _aJava 2 Black Book | ||
| 260 |
_aUSA _bUSA |
||
| 300 | _f1154 | ||
| 942 |
_2ddc _cBOOKS _n0 |
||
| 999 |
_c24920 _d24920 |
||